| 000 | 00760nam a22002417a 4500 | ||
|---|---|---|---|
| 999 |
_c14800 _d14800 |
||
| 003 | AR-CdUCM | ||
| 008 | 190424b ||||| |||| 00| 0 spa d | ||
| 020 | _a978-987-751-231-1 | ||
| 040 |
_aMUNICIPALIDAD PROVINCIAL DEL CUSCO _cBIBLIOTECA MUNICIPAL DEL CUSCO |
||
| 082 |
_aPI / 376.1 / _bD82 |
||
| 110 |
_aDisney _933330 |
||
| 245 |
_aDisney Pixar : _bBuscando a Dory / |
||
| 260 |
_aBuenos Aires : _bDisney Enterprises, _bGuadal, _c2016. |
||
| 300 |
_bilustraciones, graficos, dibujos _c23 cm. |
||
| 500 | _aCuentos infantiles | ||
| 650 |
_aCuentos _9217 |
||
| 650 |
_aHistorias _92725 |
||
| 650 |
_aInfantiles _917400 |
||
| 700 |
_aZanzoni, Fernanda _933699 |
||
| 856 | _fwww.editorialguadal.com.ar | ||
| 942 |
_2ddc _cLIBROS |
||
| 945 |
_apjha _d2019-04-24 |
||